<?xml version="1.0" encoding="UTF-8"?>
<record
    xmlns:xsi="http://www.w3.org/2001/XMLSchema-instance"
    xsi:schemaLocation="http://www.loc.gov/MARC21/slim http://www.loc.gov/standards/marcxml/schema/MARC21slim.xsd"
    xmlns="http://www.loc.gov/MARC21/slim">

  <leader>00489nam a22001817a 4500</leader>
  <controlfield tag="003">OSt</controlfield>
  <controlfield tag="005">20140310181708.0</controlfield>
  <controlfield tag="008">121205t        xxu||||| |||| 00| 0 eng d</controlfield>
  <datafield tag="020" ind1=" " ind2=" ">
    <subfield code="a">9715501796</subfield>
  </datafield>
  <datafield tag="050" ind1=" " ind2=" ">
    <subfield code="a">PL 6058.4</subfield>
    <subfield code="b">.F819 1999</subfield>
  </datafield>
  <datafield tag="082" ind1=" " ind2=" ">
    <subfield code="a">FIL 899.2113</subfield>
    <subfield code="b">F84 1999</subfield>
  </datafield>
  <datafield tag="245" ind1=" " ind2=" ">
    <subfield code="a">Sugat ng alaala /</subfield>
    <subfield code="c">Lazaro Francisco.</subfield>
  </datafield>
  <datafield tag="260" ind1=" " ind2=" ">
    <subfield code="a">Quezon City , Pjilippines:</subfield>
    <subfield code="b">Ateneo de Manila University Press,</subfield>
    <subfield code="c">1999</subfield>
  </datafield>
  <datafield tag="300" ind1=" " ind2=" ">
    <subfield code="a">370 p. :</subfield>
    <subfield code="c">18 cm</subfield>
  </datafield>
  <datafield tag="562" ind1=" " ind2=" ">
    <subfield code="e">1</subfield>
  </datafield>
  <datafield tag="942" ind1=" " ind2=" ">
    <subfield code="2">lcc</subfield>
    <subfield code="c">BK</subfield>
  </datafield>
  <datafield tag="999" ind1=" " ind2=" ">
    <subfield code="c">1443</subfield>
    <subfield code="d">1443</subfield>
  </datafield>
  <datafield tag="952" ind1=" " ind2=" ">
    <subfield code="0">0</subfield>
    <subfield code="1">0</subfield>
    <subfield code="2">lcc</subfield>
    <subfield code="4">0</subfield>
    <subfield code="a">LUX</subfield>
    <subfield code="b">LUX</subfield>
    <subfield code="c">FIL</subfield>
    <subfield code="d">2012-12-05</subfield>
    <subfield code="l">0</subfield>
    <subfield code="o">PL 6058.4 .F819 1995</subfield>
    <subfield code="p">13745</subfield>
    <subfield code="r">2013-08-13 00:00:00</subfield>
    <subfield code="t">1</subfield>
    <subfield code="w">2013-10-03</subfield>
    <subfield code="y">BK</subfield>
  </datafield>
</record>
